[Event "Vaujany 2019 Accession"]
[Site "Vaujany"]
[Date "2019.07.15"]
[Round "5.4"]
[White "Trevisiol, Antoine"]
[Black "Hodot, Yves"]
[Result "1-0"]
[WhiteElo "1687"]
[BlackElo "1850"]
[PlyCount "93"]
[EventDate "2019.07.??"]
[EventType "swiss"]
[EventRounds "9"]
[EventCountry "FRA"]

1. d4 f5 2. c4 Nf6 3. Qc2 g6 4. b3 Bg7 5. Bb2 d5 6. Nd2 Nc6 7. e3 f4 8. exf4
Bf5 9. Qc3 Nxd4 10. Qxd4 Nh5 11. Qxg7 Nxg7 12. Bxg7 Rg8 13. Be5 d4 14. Ngf3 c5
15. Nh4 Qa5 16. Nxf5 gxf5 17. g3 O-O-O 18. Bg2 Rg6 19. Bh3 e6 20. Ke2 Rd7 21.
Bg2 h5 22. h4 Rg8 23. Bf3 Rgd8 24. Rhc1 d3+ 25. Kd1 Rd4 26. a3 Qa6 27. Bxh5 Re4
28. Nxe4 fxe4 29. Kd2 Qc6 30. Rd1 Qd7 31. Bg6 Qc6 32. Ke3 Qb6 33. Bxe4 d2 34.
Rxd2 Qxb3+ 35. Rd3 Qxc4 36. Rxd8+ Kxd8 37. Rd1+ Kc8 38. h5 Qb3+ 39. Rd3 Qb6 40.
h6 c4+ 41. Bd4 Qb1 42. h7 Qe1+ 43. Kf3 Qh1+ 44. Kg4 Qxe4 45. h8=Q+ Kc7 46. Qe5+
Qxe5 47. Bxe5+ 1-0

[Event "Vaujany 2019 Accession"]
[Site "Vaujany"]
[Date "2019.07.15"]
[Round "5.5"]
[White "Phelan, Leo"]
[Black "Dreelinck, Adriaan"]
[Result "1/2-1/2"]
[WhiteElo "1780"]
[BlackElo "1669"]
[PlyCount "76"]
[EventDate "2019.07.??"]
[EventType "swiss"]
[EventRounds "9"]
[EventCountry "FRA"]

1. e4 c5 2. Nf3 e6 3. d4 cxd4 4. Nxd4 Nc6 5. Nc3 Qc7 6. Be3 a6 7. Qd2 Nf6 8. f3
Be7 9. O-O-O h5 10. Kb1 b5 11. Bd3 Bb7 12. h3 h4 13. Qf2 Rc8 14. Rhg1 Nh5 15.
Nce2 Bf6 16. Nxc6 Bxc6 17. g4 hxg3 18. Nxg3 Bh4 19. f4 Nxg3 20. Rxg3 d5 21.
exd5 Bxd5 22. Rdg1 Bxg3 23. Qxg3 g6 24. Bd4 Rh5 25. Be5 Qe7 26. f5 gxf5 27. Qe3
Qc5 28. Bd4 Qb4 29. Be5 Qc5 30. Bd4 Qc6 31. Be5 Be4 32. Bxe4 fxe4 33. Rg8+ Ke7
34. Qa7+ Qd7 35. Bf6+ Kd6 36. Qxa6+ Kc7 37. Qa7+ Kc6 38. Qa6+ Kc7 1/2-1/2

[Event "Vaujany 2019 Accession"]
[Site "Vaujany"]
[Date "2019.07.15"]
[Round "5.6"]
[White "Corfield, Zoé"]
[Black "Bartels, Marco"]
[Result "0-1"]
[WhiteElo "1682"]
[BlackElo "1755"]
[PlyCount "78"]
[EventDate "2019.07.??"]
[EventType "swiss"]
[EventRounds "9"]
[EventCountry "FRA"]

1. e4 Nc6 2. Nf3 f5 3. e5 d6 4. Bb5 dxe5 5. O-O Qd6 6. d4 exd4 7. Nxd4 Bd7 8.
Nxc6 Bxc6 9. Qxd6 cxd6 10. Bxc6+ bxc6 11. Nc3 g6 12. Be3 Bg7 13. Na4 Nf6 14.
Bd4 e5 15. Rfe1 Kf7 16. Bc3 Nd5 17. Ba5 Rab8 18. c4 Nb6 19. Nxb6 axb6 20. Bc3
e4 21. Bxg7 Kxg7 22. Rad1 Rhd8 23. f3 d5 24. fxe4 dxe4 25. Kf2 Kf6 26. Ke3 Ke7
27. b4 Rxd1 28. Rxd1 Rd8 29. Re1 Rd3+ 30. Ke2 Rc3 31. c5 bxc5 32. bxc5 Rxc5 33.
a4 Kd7 34. Rb1 Kc7 35. Rb4 Rc2+ 36. Kf1 Ra2 37. h4 c5 38. Rc4 Kc6 39. g4 Kd5
0-1

[Event "Vaujany 2019 Accession"]
[Site "Vaujany"]
[Date "2019.07.15"]
[Round "5.8"]
[White "Thoue"]
[Black "Detraz, S."]
[Result "1-0"]
[WhiteElo "1721"]
[BlackElo "1428"]
[PlyCount "53"]
[EventDate "2019.07.??"]
[EventType "swiss"]
[EventRounds "9"]
[EventCountry "FRA"]

1. e4 e5 2. f4 Nc6 3. Nf3 d6 4. d4 exd4 5. Nxd4 Bd7 6. Bc4 Be7 7. O-O Nf6 8.
Nc3 O-O 9. Nf5 Bxf5 10. exf5 Na5 11. Bd3 d5 12. g4 Bc5+ 13. Kg2 d4 14. Ne4 Nxe4
15. Bxe4 Nc6 16. g5 Re8 17. Qf3 Qd6 18. Bd2 Rad8 19. Rae1 Kh8 20. g6 fxg6 21.
fxg6 h6 22. f5 Qf6 23. Qh3 Re7 24. Bd3 Rde8 25. Bxh6 gxh6 26. Qxh6+ Kg8 27.
Bc4+ 1-0

[Event "Vaujany 2019 Accession"]
[Site "Vaujany"]
[Date "2019.07.15"]
[Round "5.9"]
[White "Leal, Yves"]
[Black "Stoll, Lucia"]
[Result "0-1"]
[WhiteElo "1720"]
[BlackElo "1403"]
[PlyCount "66"]
[EventDate "2019.07.??"]
[EventType "swiss"]
[EventRounds "9"]
[EventCountry "FRA"]

1. e4 e5 2. Bc4 Nf6 3. Nc3 Nxe4 4. Bxf7+ Kxf7 5. Nxe4 d5 6. Qh5+ g6 7. Qxe5 Bh6
8. Qg3 dxe4 9. Ne2 Rf8 10. O-O Kg8 11. h4 Qd6 12. Qc3 Nc6 13. d4 Bg7 14. Be3
Qb4 15. Qxb4 Nxb4 16. Rfc1 Be6 17. a3 Nd5 18. Rab1 Ne7 19. Nf4 Bf7 20. c4 c6
21. g4 Rad8 22. d5 cxd5 23. cxd5 Nxd5 24. Nxd5 Bxd5 25. Bxa7 Ba2 26. Bc5 Rf3
27. Bb6 Re8 28. Rd1 Bxb1 29. Rxb1 Re6 30. Be3 Rd6 31. b4 Bd4 32. Rd1 Rxe3 33.
Rxd4 Re1+ 0-1

[Event "Vaujany 2019 Accession"]
[Site "Vaujany"]
[Date "2019.07.15"]
[Round "5.10"]
[White "Van Foreest, N."]
[Black "Bressy, F."]
[Result "1-0"]
[WhiteElo "1788"]
[BlackElo "1600"]
[PlyCount "57"]
[EventDate "2019.07.??"]
[EventType "swiss"]
[EventRounds "9"]
[EventCountry "FRA"]

1. e4 g6 2. d4 Bg7 3. Nc3 d6 4. Be3 a6 5. Be2 e6 6. Qd2 h6 7. a4 b6 8. f4 Ne7
9. Nf3 Nd7 10. O-O Bb7 11. Rad1 Nf6 12. Bd3 Ng4 13. Bf2 Nxf2 14. Qxf2 O-O 15.
f5 exf5 16. exf5 Bf6 17. fxg6 fxg6 18. Be4 Bxe4 19. Nxe4 d5 20. Nxf6+ Rxf6 21.
Qd2 g5 22. Ne5 Rxf1+ 23. Rxf1 Qd6 24. Qd3 a5 25. Rf7 Ng6 26. Rd7 Qe6 27. Qxg6+
Qxg6 28. Nxg6 c5 29. dxc5 1-0

[Event "Vaujany 2019 Accession"]
[Site "Vaujany"]
[Date "2019.07.15"]
[Round "5.12"]
[White "Jean, Robert"]
[Black "Trevisiol, Antoine"]
[Result "1/2-1/2"]
[WhiteElo "1564"]
[BlackElo "1660"]
[PlyCount "87"]
[EventDate "2019.07.??"]
[EventType "swiss"]
[EventRounds "9"]
[EventCountry "FRA"]

1. c4 e6 2. g3 Nf6 3. Bg2 d5 4. Nf3 dxc4 5. Na3 Bxa3 6. bxa3 c6 7. Bb2 b5 8.
Nd4 Qb6 9. O-O Bb7 10. Rb1 O-O 11. Bc3 a6 12. Nc2 Nd5 13. Ba1 Nd7 14. e4 Ne7
15. Ne3 Rfd8 16. Nxc4 Qc7 17. Ne3 Nc5 18. d4 Na4 19. Qb3 Rd7 20. Rfc1 Qd8 21.
Ng4 Rc8 22. Ne5 Rdc7 23. Bh3 c5 24. Nxf7 Kxf7 25. Bxe6+ Ke8 26. Qf3 Ng6 27.
Bxc8 Qxc8 28. d5 c4 29. Bd4 Qh3 30. Re1 Bc8 31. Qe3 Rf7 32. f3 h5 33. Qg5 Ne7
34. Qe5 h4 35. Bf2 hxg3 36. Bxg3 Nc5 37. Qd4 Nd3 38. Re2 Qh6 39. Qe3 Qh5 40. f4
Bg4 41. Rd2 Qh6 42. Rf1 Bh3 43. Rf3 Bg4 44. Rf1 1/2-1/2

[Event "Vaujany 2019 Accession"]
[Site "Vaujany"]
[Date "2019.07.15"]
[Round "5.13"]
[White "David, Pierre-Yves"]
[Black "Humbert, Patrick"]
[Result "1-0"]
[WhiteElo "1795"]
[BlackElo "1486"]
[PlyCount "58"]
[EventDate "2019.07.??"]
[EventType "swiss"]
[EventRounds "9"]
[EventCountry "FRA"]

1. e4 d6 2. d4 Nf6 3. Nc3 Nbd7 4. Bc4 e5 5. Nge2 c6 6. a4 Qc7 7. O-O h6 8. Kh1
g5 9. a5 Be7 10. Be3 Nf8 11. Ng3 Ng6 12. Nh5 Kf8 13. Nxf6 Bxf6 14. d5 h5 15. a6
Qd7 16. axb7 Bxb7 17. Ra3 Nf4 18. dxc6 Bxc6 19. Bd5 h4 20. Bxc6 Qxc6 21. Qg4 h3
22. Bxf4 hxg2+ 23. Kxg2 Rh4 24. Qe2 Rxf4 25. Nd5 Rh4 26. Nxf6 Qc8 27. Qd2 Ke7
28. Qxg5 Rh8 29. Nd5+ Kf8 1-0

[Event "Vaujany 2019 Accession"]
[Site "Vaujany"]
[Date "2019.07.15"]
[Round "5.14"]
[White "Heckly, Jean-Louis"]
[Black "Sesia, Noah"]
[Result "0-1"]
[WhiteElo "1525"]
[BlackElo "1852"]
[PlyCount "54"]
[EventDate "2019.07.??"]
[EventType "swiss"]
[EventRounds "9"]
[EventCountry "FRA"]

1. e4 e6 2. d4 d5 3. e5 c5 4. c3 Nc6 5. Nf3 Bd7 6. Bd3 Rc8 7. O-O cxd4 8. cxd4
Nb4 9. Nc3 Nxd3 10. Qxd3 Qb6 11. a3 Ne7 12. Rb1 Nf5 13. g4 Ne7 14. Be3 Nc6 15.
h3 Na5 16. Rfd1 Nc4 17. Qe2 Qa5 18. Na2 Bb5 19. Qe1 Qxe1+ 20. Nxe1 Be7 21. Rdc1
Kd7 22. Nc3 Ba6 23. Ng2 h5 24. Ne2 Nxe3 25. fxe3 Bxe2 26. Nf4 Bf3 27. Kf2 hxg4
0-1

[Event "Vaujany 2019 Accession"]
[Site "Vaujany"]
[Date "2019.07.16"]
[Round "6.2"]
[White "Stoll, Lucia"]
[Black "Kezic, Andreas"]
[Result "0-1"]
[WhiteElo "1403"]
[BlackElo "1878"]
[PlyCount "80"]
[EventDate "2019.07.??"]
[EventType "swiss"]
[EventRounds "9"]
[EventCountry "FRA"]

1. e4 e5 2. Nf3 Nc6 3. d4 exd4 4. Nxd4 Bc5 5. Nxc6 bxc6 6. Bd3 Nf6 7. e5 Nd5 8.
Qg4 g6 9. Bh6 Bf8 10. Bxf8 Kxf8 11. O-O d6 12. Qe2 Kg7 13. f4 Re8 14. Nd2 Qh4
15. c4 Nxf4 16. Qf3 dxe5 17. g3 Nh3+ 18. Kg2 Qe7 19. Qxc6 Rb8 20. Qa4 Rxb2 21.
Qd1 Qb4 22. Bc2 Rd8 23. Qf3 Qxd2+ 24. Rf2 Qxf2+ 25. Qxf2 Nxf2 26. Kxf2 Rxc2+
27. Ke3 f5 28. g4 Rxc4 29. Rg1 Rc3+ 30. Ke2 fxg4 31. Rg3 Ba6+ 32. Ke1 Rxg3 33.
hxg3 Rd3 34. Kf1 c5 35. Kf2 c4 36. Ke2 c3 37. Kf2 c2 38. a4 c1=Q 39. Ke2 Qc2+
40. Ke1 Rd1# 0-1

[Event "Vaujany 2019 Accession"]
[Site "Vaujany"]
[Date "2019.07.16"]
[Round "6.4"]
[White "Lees, Jean Pierre"]
[Black "Trevisiol, Antoine"]
[Result "1/2-1/2"]
[WhiteElo "1710"]
[BlackElo "1697"]
[PlyCount "81"]
[EventDate "2019.07.??"]
[EventType "swiss"]
[EventRounds "9"]
[EventCountry "FRA"]

1. d4 Nf6 2. c4 c5 3. d5 b5 4. cxb5 a6 5. e3 g6 6. Nc3 d6 7. a4 Nbd7 8. Nf3 Bg7
9. Nd2 Nb6 10. Nc4 axb5 11. Nxb6 Qxb6 12. Bxb5+ Bd7 13. Bxd7+ Nxd7 14. Ra3 O-O
15. O-O c4 16. Nb5 Ne5 17. Qc2 Rfc8 18. e4 Qb7 19. Bd2 Nd3 20. Bc3 Nc5 21. Bxg7
Kxg7 22. Qxc4 Nxa4 23. Qd4+ Kg8 24. Nxd6 exd6 25. Rxa4 Rxa4 26. Qxa4 Qxb2 27.
Qa6 Rc1 28. Rxc1 Qxc1+ 29. Qf1 Qd2 30. h3 f5 31. Qb1 Qf4 32. Qb8+ Kg7 33. Qb2+
Kg8 34. exf5 gxf5 35. Qb8+ Kg7 36. Qa7+ Kf8 37. Qe3 Qe5 38. Qh6+ Kg8 39. Qg5+
Kf7 40. Qh5+ Kg7 41. Qg5+ 1/2-1/2

[Event "Vaujany 2019 Accession"]
[Site "Vaujany"]
[Date "2019.07.16"]
[Round "6.5"]
[White "Dreelinck, A."]
[Black "Fahys, B."]
[Result "1/2-1/2"]
[WhiteElo "1669"]
[BlackElo "1888"]
[PlyCount "106"]
[EventDate "2019.07.??"]
[EventType "swiss"]
[EventRounds "9"]
[EventCountry "FRA"]

1. d4 d5 2. Nf3 Nf6 3. c4 e6 4. g3 Be7 5. Bg2 O-O 6. O-O b6 7. Nc3 Bb7 8. cxd5
Nxd5 9. Nxd5 Bxd5 10. Qc2 Na6 11. a3 Rc8 12. e4 Bb7 13. e5 Bd5 14. Qa4 Nb8 15.
Be3 a5 16. Rac1 f6 17. Rfd1 f5 18. Ne1 c6 19. Bxd5 cxd5 20. Nf3 Qd7 21. Qxd7
Nxd7 22. Bg5 Kf7 23. Bxe7 Kxe7 24. a4 Nb8 25. Kf1 h6 26. Nh4 Rfd8 27. f4 g5 28.
Nf3 g4 29. Ng1 Kd7 30. Ke1 Nc6 31. Ne2 Nb4 32. Kd2 h5 33. Rxc8 Rxc8 34. Rc1
Rxc1 35. Nxc1 Na6 36. Na2 Kc6 37. Kc3 Nb8 38. b3 Nd7 39. Kc2 b5 40. Nc3 bxa4
41. bxa4 Nb6 42. Kd2 Nc4+ 43. Kd3 Nb6 44. Kd2 Nc8 45. Nb5 Ne7 46. Nc3 Ng6 47.
Nd1 Kb6 48. Nf2 Ne7 49. Kc3 Ng6 50. Kd2 Nf8 51. Nd3 Nd7 52. Kc3 Kc6 53. Kb3 Kb6
1/2-1/2

[Event "Vaujany 2019 Accession"]
[Site "Vaujany"]
[Date "2019.07.16"]
[Round "6.6"]
[White "Masalles, Gabriel"]
[Black "Van Foreest, Nanne"]
[Result "1-0"]
[WhiteElo "1507"]
[BlackElo "1788"]
[PlyCount "85"]
[EventDate "2019.07.??"]
[EventType "swiss"]
[EventRounds "9"]
[EventCountry "FRA"]

1. e4 e5 2. Nf3 Nc6 3. d4 exd4 4. Bc4 Nf6 5. e5 d5 6. Bb5 Ne4 7. Bxc6+ bxc6 8.
Nxd4 c5 9. Ne2 Be7 10. O-O O-O 11. Nbc3 Nxc3 12. Nxc3 d4 13. Ne4 f6 14. exf6
Bxf6 15. Nxc5 Qd5 16. Nd3 Bb7 17. f3 Rae8 18. Re1 Bh4 19. Rxe8 Rxe8 20. Bf4 c5
21. Qf1 c4 22. Nf2 Rf8 23. Bg3 Bxg3 24. hxg3 Re8 25. Re1 Re3 26. Ng4 Re6 27.
Re2 h5 28. Nf2 Qd6 29. Rxe6 Qxe6 30. Kh2 Ba6 31. Ne4 Qb6 32. Qe1 Qd8 33. Qd2 h4
34. Ng5 hxg3+ 35. Kxg3 d3 36. cxd3 cxd3 37. Qf4 d2 38. Qf7+ Kh8 39. Qh5+ Kg8
40. Qh7+ Kf8 41. Ne6+ Ke7 42. Qh4+ Kxe6 43. Qxd8 1-0

[Event "Vaujany 2019 Accession"]
[Site "Vaujany"]
[Date "2019.07.16"]
[Round "6.11"]
[White "David, P.-Y."]
[Black "Gipouloux"]
[Result "1-0"]
[WhiteElo "1795"]
[BlackElo "1624"]
[PlyCount "83"]
[EventDate "2019.07.??"]
[EventType "swiss"]
[EventRounds "9"]
[EventCountry "FRA"]

1. e4 e5 2. Nf3 Nc6 3. Bc4 Bc5 4. c3 Nf6 5. d4 exd4 6. cxd4 Bb4+ 7. Bd2 Bxd2+
8. Nbxd2 O-O 9. d5 Ne7 10. O-O d6 11. Re1 Ng6 12. Nf1 Nd7 13. Ng3 Nge5 14. Nxe5
Nxe5 15. Rc1 f5 16. exf5 Bxf5 17. Qe2 Bg6 18. Ne4 Rf4 19. Bd3 Qf8 20. Bb1 Re8
21. f3 Qe7 22. Rc3 c6 23. dxc6 Nxc6 24. Re3 Ne5 25. g3 Rff8 26. f4 Nc6 27. Qd2
Rd8 28. Ng5 Qf6 29. Bxg6 hxg6 30. Ne6 Kh7 31. Nxf8+ Rxf8 32. Rd3 Rd8 33. Rd1 d5
34. h4 b5 35. a3 d4 36. Qe2 Ne7 37. Qe5 Nf5 38. Qxf6 gxf6 39. g4 Nxh4 40. Kf2
f5 41. g5 Kg7 42. Rh3 1-0

[Event "Vaujany 2019 Accession"]
[Site "Vaujany"]
[Date "2019.07.16"]
[Round "6.12"]
[White "Detraz, Samuel"]
[Black "Leal, Yves"]
[Result "0-1"]
[WhiteElo "1428"]
[BlackElo "1720"]
[PlyCount "88"]
[EventDate "2019.07.??"]
[EventType "swiss"]
[EventRounds "9"]
[EventCountry "FRA"]

1. d4 Nf6 2. c4 e6 3. Nc3 Bb4 4. Nf3 O-O 5. Bg5 h6 6. Bh4 c5 7. Bxf6 Qxf6 8. e3
Nc6 9. Be2 b6 10. O-O Bxc3 11. bxc3 d6 12. Qd2 Ba6 13. Qd1 Na5 14. Nd2 Rac8 15.
Rc1 Qe7 16. d5 e5 17. e4 Rc7 18. Bd3 Bc8 19. Qe2 f5 20. f4 exf4 21. Rxf4 g5 22.
Rff1 f4 23. h3 Qf6 24. Kf2 Nb7 25. Ke1 Nd8 26. Qd1 Nf7 27. Be2 Re7 28. Bg4 Bxg4
29. Qxg4 Ne5 30. Qe2 h5 31. Nf3 Rfe8 32. Kd2 Kg7 33. Rce1 Qg6 34. a4 Nd7 35. e5
dxe5 36. Kc1 e4 37. Nh2 Ne5 38. Rd1 Nd3+ 39. Kb1 Qf6 40. Kc2 Kh6 41. g4 h4 42.
Rb1 Qd6 43. Rbd1 a6 44. Rb1 Rb8 0-1

[Event "Vaujany 2019 Accession"]
[Site "Vaujany"]
[Date "2019.07.16"]
[Round "6.13"]
[White "Trevisiol, T."]
[Black "Josse, M."]
[Result "0-1"]
[WhiteElo "1660"]
[BlackElo "1696"]
[PlyCount "40"]
[EventDate "2019.07.??"]
[EventType "swiss"]
[EventRounds "9"]
[EventCountry "FRA"]

1. b4 e5 2. Bb2 d6 3. c4 Nf6 4. e3 Be7 5. Qc2 Nbd7 6. g3 c6 7. Bg2 Qb6 8. a3 a5
9. Nc3 axb4 10. Na4 Qa5 11. axb4 Qxb4 12. Ne2 Nc5 13. Nxc5 Rxa1+ 14. Bxa1 Qxc5
15. O-O Bg4 16. d4 exd4 17. Nxd4 O-O 18. Qb3 Qa7 19. Bb2 Ra8 20. Ra1 Qxa1+ 0-1

[Event "Vaujany 2019 Accession"]
[Site "Vaujany"]
[Date "2019.07.16"]
[Round "6.15"]
[White "Bressy, F."]
[Black "Jean, R."]
[Result "0-1"]
[WhiteElo "1600"]
[BlackElo "1564"]
[PlyCount "108"]
[EventDate "2019.07.??"]
[EventType "swiss"]
[EventRounds "9"]
[EventCountry "FRA"]

1. e4 c5 2. Nf3 d6 3. Bb5+ Nd7 4. d4 cxd4 5. Qxd4 a6 6. Bxd7+ Bxd7 7. Bg5 Nf6
8. Nc3 e6 9. e5 dxe5 10. Nxe5 Be7 11. Bxf6 Bxf6 12. Qxd7+ Qxd7 13. Nxd7 Kxd7
14. O-O-O+ Ke7 15. Ne4 Rhd8 16. c3 b6 17. f4 g6 18. Rxd8 Rxd8 19. g4 h6 20. Kc2
Bg7 21. g5 hxg5 22. fxg5 f5 23. gxf6+ Bxf6 24. Rf1 Bh4 25. Rf4 g5 26. Rg4 Rf8
27. Kd3 Rf5 28. a4 a5 29. b4 Kd7 30. b5 Kc7 31. Kd4 Kd7 32. c4 Kc7 33. c5 bxc5+
34. Nxc5 Bf2+ 35. Kd3 Bxc5 36. h4 gxh4 37. Rxh4 Rd5+ 38. Kc4 Kd6 39. Kc3 Bb4+
40. Kc4 Rc5+ 41. Kd4 e5+ 42. Kd3 Rd5+ 43. Kc2 Kc5 44. Rh8 e4 45. Rc8+ Kb6 46.
Rc6+ Kb7 47. Re6 Rd2+ 48. Kb3 Re2 49. Kc4 e3 50. b6 Re1 51. Kb5 e2 52. Re8 Rf1
53. Rg8 Rf5+ 54. Kc4 e1=Q 0-1

[Event "Vaujany 2019 Accession"]
[Site "Vaujany"]
[Date "2019.07.16"]
[Round "6.17"]
[White "Prieur-Drevon, Gabin"]
[Black "Bartels, Karina"]
[Result "1-0"]
[WhiteElo "1548"]
[BlackElo "1705"]
[Annotator "lotus"]
[PlyCount "69"]
[EventDate "2019.07.??"]
[EventType "swiss"]
[EventRounds "9"]
[EventCountry "FRA"]

1. e4 e6 2. d4 b5 ({Pertinent:} 2... d5 3. Nc3 Bb4 4. e5 Qd7 5. a3 Bxc3+ 6.
bxc3 b6 7. Qg4 f5 8. Qg3 Nc6 9. Nh3 Bb7 10. Qh4 Nge7 11. Qh5+ Ng6 12. Nf4 Qf7
13. Nxg6 Qxg6 14. Qxg6+ hxg6 15. h4 Na5 16. Bg5 Bc6 17. g4 Ba4 18. Kd2 Nc4+ 19.
Bxc4 dxc4 20. Rag1 Bc6 21. Rh3 Kf7 22. f3 b5 23. Rhg3 Raf8 24. gxf5 gxf5 25.
Ke3 Rh7 26. R3g2 Rb8 27. Rb1 Rb6 28. Kf4 Ra6 29. Ra1 Ra4 30. Kg3 a5 31. Bd2 Bd5
32. Rgg1 {Aronian,L (2752)-Caruana,F (2819) Stavanger 2019 1/2-1/2}) 3. Bxb5
Bb7 4. Nc3 Bb4 5. Bd3 f5 6. Qe2 Nf6 7. Bg5 c5 $146 ({Prédécesseur:} 7... fxe4
8. Bxe4 Bxe4 9. Bxf6 Qxf6 10. Qxe4 d5 11. Qe3 c5 12. O-O-O O-O 13. Nf3 Nd7 14.
a3 cxd4 15. Nxd4 Bxc3 16. Qxc3 Rac8 17. Qe3 e5 18. Nf3 Qg6 19. Ne1 Nb6 20. f3
Nc4 21. Qxa7 Rf7 22. Qa4 Qb6 23. Nd3 Rb8 24. Nb4 Ra7 25. Qc6 Qxb4 26. Qxd5+ Kf8
27. Qxe5 Nxe5 28. axb4 Nc4 29. c3 Ra1+ {0-1 (29) Anderson,M (1563)-Janning,H 
(1430) IECG email 2001}) 8. Nf3 Qa5 9. O-O cxd4 10. Nxd4 Bxc3 11. Bxf6 gxf6 12.
bxc3 Nc6 13. Nb5 Ke7 14. exf5 a6 15. Nd4 Qxc3 16. Nxc6+ Qxc6 17. f3 e5 18. Be4
d5 19. Bd3 Rhg8 20. c4 d4 21. Be4 Qc7 22. Bxb7 Qxb7 23. Rad1 Kd6 24. f4 Raf8
25. fxe5+ fxe5 26. c5+ Kd5 27. Rfe1 Qe7 28. Qe4+ Kxc5 29. Rxd4 Rf6 30. Rc4+ Kb6
31. Rb1+ Ka7 32. Rcb4 Qc5+ 33. Kh1 Rc6 34. Rb7+ Ka8 35. Rc7 1-0

[Event "Vaujany 2019 Accession"]
[Site "Vaujany"]
[Date "2019.07.17"]
[Round "7.1"]
[White "Bosc, Gabriel"]
[Black "Thoue, Jean Claude"]
[Result "1-0"]
[WhiteElo "1861"]
[BlackElo "1724"]
[PlyCount "33"]
[EventDate "2019.07.??"]
[EventType "swiss"]
[EventRounds "9"]
[EventCountry "FRA"]

1. f4 d5 2. b3 Nf6 3. Bb2 c6 (3... g6) (3... e6) (3... c5) 4. Nf3 Bg4 5. Ne5
Bf5 6. e3 Nbd7 7. Be2 Nxe5 8. Bxe5 (8. fxe5 Nd7 9. O-O e6 10. Bd3 (10. c4 Bg6
11. d4 Be7 12. Bd3 Bg5 13. Qe2 Bxd3 14. Qxd3 dxc4 15. bxc4 Nxe5 16. Qe2 Ng6 17.
Nd2 O-O 18. Nf3 Be7 19. e4 Qa5 20. a4 Rad8 21. Qc2 Rd7 22. Rab1 Bf6 23. e5 Be7
24. Bc3 Qc7 25. Qe4 Rfd8 26. h4 c5 27. h5 Nf8 28. Bd2 cxd4 29. Qg4 f5 30. exf6
Bxf6 31. Bg5 Rf7 32. Bxf6 Rxf6 33. Ng5 Rxf1+ 34. Rxf1 d3 35. h6 Qe5 36. Ne4 Ng6
37. hxg7 d2 38. Qf3 Kxg7 39. Qf7+ Kh6 40. Nf6 Qd4+ 41. Kh2 Qh4+ 42. Kg1 d1=Q
43. Ng8+ Kg5 44. Qf6+ Kh5 {0-1 (44) Hock,M (2305)-Bunzmann,D (2185) Berlin 1995
}) (10. Bg4 Bg6 11. Qf3 Qg5 12. d4 Be7 13. Bc1 Qh6 14. c4 O-O 15. cxd5 cxd5 16.
Nc3 Bb4 17. e4 Qh4 18. g3 dxe4 19. Nxe4 Bxe4 20. Qxe4 Qe7 21. h4 Nb6 22. Bg5
Qd7 23. Bf3 Nd5 24. Qg4 Rfc8 25. Rad1 Rc2 26. h5 Kh8 27. a4 Rac8 28. Rd3 h6 29.
Bh4 R8c3 30. Qe4 {1/2-1/2 (30) Dimitrov,K (2225)-Velikov,M Shumen 1995}) 10...
Bxd3 11. cxd3 Be7 12. d4 O-O 13. Qg4 Qa5 14. Nc3 Rae8 15. Rf3 f5 16. Qh5 g6 17.
Rg3 Kg7 18. Ne2 Rf7 19. Nf4 Nf8 20. Bc3 Qa3 21. d3 Bd8 22. e4 fxe4 23. Bd2 Rf5
24. Nxe6+ Kh8 25. Qh6 Rxe6 26. dxe4 dxe4 27. Rf1 Rxf1+ 28. Kxf1 Qe7 {0-1 (28)
Lerch Gallemi,J (2311)-Herb,S (2162) Augsburg 2001}) 8... Nd7 9. Bb2 f6 (9...
Nf6) 10. O-O Qc7 11. Nc3 O-O-O 12. b4 Bg6 13. b5 e5 14. bxc6 bxc6 15. Rb1 exf4
16. Ba6+ Kb8 17. Nxd5 {il n y a aucune défense contre 18 Fe5+ suivi de 19 Tb8
mat} 1-0

[Event "Vaujany 2019 Accession"]
[Site "Vaujany"]
[Date "2019.07.17"]
[Round "7.2"]
[White "Kezic, Andreas"]
[Black "Masalles, Gabriel"]
[Result "1-0"]
[WhiteElo "1878"]
[BlackElo "1597"]
[PlyCount "75"]
[EventDate "2019.07.??"]
[EventType "swiss"]
[EventRounds "9"]
[EventCountry "FRA"]

1. d4 Nf6 2. Nc3 d5 3. Bf4 Bf5 4. f3 e6 5. g4 Bg6 6. h4 h5 7. g5 Nfd7 8. Nb5
Na6 9. e3 c6 10. Nd6+ Bxd6 11. Bxd6 Nb6 12. Ba3 Nc7 13. Nh3 Qd7 14. Nf4 Bf5 15.
Nd3 Nc4 16. Kf2 Nxa3 17. bxa3 Qe7 18. Qc1 f6 19. gxf6 Qxf6 20. Ne5 g5 21. hxg5
Qxg5 22. Bd3 Ke7 23. e4 Qxc1 24. Raxc1 dxe4 25. fxe4 Bg4 26. Ng6+ Kd6 27. Nxh8
Rxh8 28. Ke3 Nb5 29. e5+ Ke7 30. c4 Nc7 31. a4 c5 32. dxc5 Na6 33. c6 bxc6 34.
c5 Rf8 35. Bxa6 Rf3+ 36. Kd4 Rf4+ 37. Kc3 Rxa4 38. Bc4 1-0

[Event "Vaujany 2019 Accession"]
[Site "Vaujany"]
[Date "2019.07.17"]
[Round "7.3"]
[White "Trevisiol, antoine"]
[Black "Deneyer, Frank"]
[Result "1/2-1/2"]
[WhiteElo "1687"]
[BlackElo "1870"]
[PlyCount "79"]
[EventDate "2019.07.??"]
[EventType "swiss"]
[EventRounds "9"]
[EventCountry "FRA"]

1. d4 Nf6 2. c4 g6 3. Nc3 Bg7 4. e4 d6 5. f3 O-O 6. Be3 c5 7. dxc5 dxc5 8. Qxd8
Rxd8 9. Bxc5 Nc6 10. Nge2 Nd7 11. Be3 Nf8 12. Rd1 Be6 13. b3 Rxd1+ 14. Nxd1 Nb4
15. Nec3 Nc2+ 16. Kd2 Nxe3 17. Nxe3 Rd8+ 18. Kc2 Bh6 19. Ned5 Bxd5 20. cxd5 Rc8
21. Bc4 a6 22. a4 Nd7 23. g3 Bg7 24. f4 Bxc3 25. Kxc3 b5 26. axb5 axb5 27. Kd4
bxc4 28. bxc4 Kf8 29. Rc1 Ra8 30. c5 Ra4+ 31. Rc4 Rxc4+ 32. Kxc4 Ke8 33. e5 e6
34. dxe6 fxe6 35. c6 Nb6+ 36. Kb5 Nd5 37. Ka6 Kd8 38. Kb7 h6 39. h3 Nc7 40. Kb8
1/2-1/2

[Event "Vaujany 2019 Accession"]
[Site "Vaujany"]
[Date "2019.07.17"]
[Round "7.4"]
[White "Hebrard, Emmanuel"]
[Black "Fahys, Bertrand"]
[Result "1/2-1/2"]
[WhiteElo "1745"]
[BlackElo "1888"]
[PlyCount "68"]
[EventDate "2019.07.??"]
[EventType "swiss"]
[EventRounds "9"]
[EventCountry "FRA"]

1. d4 g6 2. c4 Bg7 3. Nc3 e6 4. e4 Ne7 5. f3 d5 6. Be3 c5 7. cxd5 exd5 8. exd5
Nf5 9. Bf2 Nxd4 10. Nge2 Qe7 11. Ne4 Nxe2 12. Qxe2 b6 13. Nd6+ Kd8 14. Qxe7+
Kxe7 15. Nxc8+ Rxc8 16. O-O-O Kd6 17. Bc4 a6 18. Rhe1 Nd7 19. f4 b5 20. Be2 Re8
21. Bf3 Rxe1 22. Rxe1 Nf6 23. Bg3 Nd7 24. Bg4 Bf6 25. Kc2 a5 26. Re2 a4 27. f5+
Ne5 28. fxg6 fxg6 29. Be6 b4 30. Rf2 Rf8 31. b3 axb3+ 32. axb3 Ke7 33. Bxe5
Bxe5 34. Rxf8 Kxf8 1/2-1/2

[Event "Vaujany 2019 Accession"]
[Site "Vaujany"]
[Date "2019.07.17"]
[Round "7.5"]
[White "Bartels, Marco"]
[Black "Stoll, Lucia"]
[Result "1-0"]
[WhiteElo "1755"]
[BlackElo "1403"]
[PlyCount "127"]
[EventDate "2019.07.??"]
[EventType "swiss"]
[EventRounds "9"]
[EventCountry "FRA"]

1. Nc3 d5 2. e3 Nf6 3. f4 Bg4 4. Nf3 e6 5. Be2 Bd6 6. O-O O-O 7. d3 c5 8. e4
Be7 9. h3 Bxf3 10. Bxf3 Nc6 11. Ne2 b5 12. exd5 exd5 13. c4 Rb8 14. Nc3 bxc4
15. dxc4 d4 16. Bxc6 dxc3 17. bxc3 Qc7 18. Qf3 Rb6 19. Ba4 Rd8 20. g4 Rbd6 21.
Bc2 Qc6 22. Qxc6 Rxc6 23. Re1 Bf8 24. Rb1 Ra6 25. a4 Ne8 26. Ba3 Nc7 27. Rb7
Ne6 28. Bc1 g6 29. f5 Ng7 30. fxg6 hxg6 31. Rf1 Ne6 32. Rfxf7 Bg7 33. h4 Rad6
34. h5 Rd1+ 35. Rf1 R1d7 36. Rxd7 Rxd7 37. Bxg6 Nf8 38. Be4 Rd8 39. Bd5+ Kh8
40. Rf7 Re8 41. h6 Bxc3 42. g5 Re1+ 43. Kf2 Re8 44. Be3 Bd4 45. Bxd4+ cxd4 46.
Rf3 Ng6 47. Bf7 Ne5 48. Bxe8 Nxf3 49. Kxf3 Kg8 50. Ke4 d3 51. Kxd3 Kf8 52. h7
Kg7 53. g6 a5 54. c5 Kh8 55. c6 Kg7 56. c7 Kh8 57. c8=Q Kg7 58. Qd7+ Kf6 59.
h8=Q+ Kg5 60. Qe5+ Kh4 61. Qdd4+ Kh3 62. Qee3+ Kh2 63. Qb2+ Kh1 64. Qec1# 1-0